Countries Bordering 2 or Less Countries - Statistics

General Stats
  • This quiz has been taken 51 times
    49 since last reset
  • The average score is 69 of 84
Answer Stats
Bordering Country % Correct
2 Andorra
97%
2 Canada
97%
2 United State of America
97%
2* Denmark
94%
0 Dominica
94%
1 Ireland
94%
1 Portugal
94%
1 South Korea
94%
2* United Kingdom
94%
0 Australia
91%
2 Bhutan
91%
1* Cyprus
91%
2 Estonia
91%
0 Grenada
91%
1 Haiti
91%
0 Bahrain
89%
2 Belize
89%
1 Brunei
89%
0 Fiji
89%
0 New Zealand
89%
2 Panama
89%
0 Saint Kitts and Nevis
89%
0 Saint Vincent and the Grenadines
89%
1 San Marino
89%
0 Seychelles
89%
0 Sri Lanka
89%
0 Bahamas
86%
1 Dominican Republic
86%
1 East Timor
86%
2 El Salvador
86%
0 Jamaica
86%
0 Japan
86%
1 Lesotho
86%
2 Liechtenstein
86%
0 Malta
86%
0 Saint Lucia
86%
2 Tunisia
86%
1 Vatican City
86%
2 Yemen
86%
0 Antigua and Barbuda
83%
0 Barbados
83%
0 Cape Verde
83%
2 Costa Rica
83%
0 Cuba
83%
0 Federated States of Micronesia
83%
0 Iceland
83%
0 Kiribati
83%
0 Madagascar
83%
0 Marshall Islands
83%
1 Monaco
83%
0 Nauru
83%
2 Nepal
83%
0 Palau
83%
1 Papua New Guinea
83%
1 Qatar
83%
1* Singapore
83%
0 Taiwan
83%
0 Tonga
83%
2 United Arab Emirates
83%
2 Kuwait
80%
0 Mauritius
80%
2 Nicaragua
80%
0 Solomon Islands
80%
2 Sweden
80%
0 Trinidad and Tobago
80%
0 Tuvalu
80%
0 Vanuatu
80%
0 Comoros
77%
0 Maldives
77%
2 Mongolia
77%
2 Netherlands
77%
0 Samoa
77%
0 São Tomé and Principe
77%
2 Eswatini
74%
2 Uruguay
74%
2 Moldova
69%
2 Equatorial Guinea
66%
0 Philippines
66%
1 The Gambia
66%
2 Bangladesh
60%
2 Lebanon
60%
2 Guinea-Bissau
57%
2 Ecuador
51%
2 Sierra Leone
43%
No matching quizzes found
Score Distribution
Percent of People with Each Score
Percentile by Number Answered
Your Score History
You have not taken this quiz since the last reset